[Event "Minsk op"]
[Site "Minsk"]
[Date "2023.11.07"]
[Round "5"]
[White "Nemogai, Vladimir"]
[Black "Baikou, Stsiapan"]
[Result "0-1"]
[WhiteElo "1132"]
[BlackElo "1016"]
[PlyCount "64"]
[EventDate "2023.11.03"]
[EventType "swiss"]
[EventRounds "9"]
[EventCountry "BLR"]
[SourceTitle "CB46_2023"]
[SourceDate "2023.11.15"]
[SourceVersion "1"]
[SourceVersionDate "2023.11.15"]
[SourceQuality "1"]

1. d4 Nf6 2. Nf3 b6 3. Bf4 Bb7 4. e3 e6 5. Nbd2 Ne4 6. Nxe4 Bxe4 7. Bd3 Bb7 8. Qe2 d5 9. Ne5 Bd6 10. c3 Nd7 11. Bb5 Bxe5 12. Bxd7+ Qxd7 13. Bxe5 Rg8 14. 0-0-0 0-0-0 15. Kb1 f6 16. Bg3 Qc6 17. h4 Qc4 18. Qxc4 dxc4 19. Rh2 c5 20. Kc2 Be4+ 21. Kc1 cxd4 22. exd4 Rge8 23. Re1 Bc6 24. f3 a5 25. Rhh1 b5 26. Re3 b4 27. Rhe1 Bd5 28. Bh2 Rg8 29. g4 h5 30. g5 fxg5 31. hxg5 Rgf8 32. f4 g6 0-1

[Event "Minsk op"]
[Site "Minsk"]
[Date "2023.11.05"]
[Round "3"]
[White "Nemogai, Vladimir"]
[Black "Khakhlou, Arseni"]
[Result "0-1"]
[WhiteElo "1132"]
[BlackElo "1336"]
[PlyCount "96"]
[EventDate "2023.11.03"]
[EventType "swiss"]
[EventRounds "9"]
[EventCountry "BLR"]
[SourceTitle "CB46_2023"]
[SourceDate "2023.11.15"]
[SourceVersion "1"]
[SourceVersionDate "2023.11.15"]
[SourceQuality "1"]

1. d4 Nf6 2. c4 e6 3. Nf3 d5 4. Nc3 Bb4 5. Bg5 Nbd7 6. e3 h6 7. Bh4 b6 8. Qc2 Bb7 9. a3 Bxc3+ 10. Qxc3 c5 11. cxd5 exd5 12. Bd3 0-0 13. 0-0 Rc8 14. Qd2 Qc7 15. Bg3 Qc6 16. Qc2 Ne4 17. Ne5 Nxe5 18. Bxe5 Nd6 19. Rac1 c4 20. Be2 b5 21. Bf3 Rfe8 22. h3 Rcd8 23. b3 Bc8 24. a4 a6 25. axb5 axb5 26. bxc4 bxc4 27. Qe2 Bf5 28. Bg4 Bh7 29. Rfe1 Qb5 30. Bf3 f6 31. Bf4 Nb7 32. Ra1 Na5 33. Bc7 Ra8 34. Qa2 Nb3 35. Qxa8 Rxa8 36. Rxa8+ Kf7 37. Rd8 Be4 38. Bxe4 dxe4 39. Rb8 Qd5 40. Rd8 Qc6 41. Bd6 c3 42. Ba3 c2 43. Bc1 Qc3 44. Rf1 Nxc1 45. Rxc1 Qd2 46. Rxc2 Qxc2 47. d5 Qc1+ 48. Kh2 Qc7+ 0-1